| 000 | 00528nam a22002057a 4500 | ||
|---|---|---|---|
| 001 | 22159 | ||
| 005 | 20260330112815.0 | ||
| 008 | 260330b |||||||| |||| 00| 0 spa d | ||
| 041 | _aING | ||
| 082 |
_a624.1762 _bCH566 |
||
| 100 |
_aChopra, Anil K. _eAUT |
||
| 245 | _aDynamics of structures: theory and applications to earthquake engineering | ||
| 260 |
_a : _b , _c2017 |
||
| 300 |
_axxxi, 960 páginas : _b ; _c26 cm. |
||
| 440 | _a ; | ||
| 650 | _aTCA | ||
| 654 | _aCET | ||
| 700 | _a; | ||
| 942 |
_cLIB _dJUS _fJUS _n0 _2ddc |
||
| 999 |
_c22159 _d22159 |
||